ATC cost accounting (practice and revision kit) : (Record no. 2520)

000 -LEADER
fixed length control field 00525nam a2200145 4500
008 - FIXED-LENGTH DATA ELEMENTS--GENERAL INFORMATION
fixed length control field 150723b xxu||||| |||| 00| 0 eng d
020 ## - INTERNATIONAL STANDARD BOOK NUMBER
International Standard Book Number 9789966250254
050 ## - LIBRARY OF CONGRESS CALL NUMBER
Classification number HF 5686 .C8B7 2012
100 ## - MAIN ENTRY--PERSONAL NAME
Personal name BR Professional Education Limited
Dates associated with a name 2012
245 ## - TITLE STATEMENT
Title ATC cost accounting (practice and revision kit) :
Remainder of title Paper No. 8/
260 ## - PUBLICATION, DISTRIBUTION, ETC. (IMPRINT)
Place of publication, distribution, etc. Nairobi:
Name of publisher, distributor, etc. BR Professional Educationa Ltd,
Date of publication, distribution, etc. 2012
300 ## - PHYSICAL DESCRIPTION
Extent xii, 142 p. : ill. ;
Dimensions 29 cm.
650 ## - SUBJECT ADDED ENTRY--TOPICAL TERM
Topical term or geographic name as entry element Cost accounting
942 ## - ADDED ENTRY ELEMENTS (KOHA)
Source of classification or shelving scheme
Koha item type Short Loan Books
Classification part HF 5686 .C8B7 2012
Koha issues (borrowed), all copies 1
Holdings
Withdrawn status Lost status Source of classification or shelving scheme Damaged status Not for loan Home library Current library Date acquired Total Checkouts Full call number Barcode Date last seen Date last checked out Price effective from Koha item type Shelving location
          MACHAKOS UNIVERSITY LIBRARY MACHAKOS UNIVERSITY LIBRARY 23/07/2015 1 HF 5686 .C8B7 2012 739 02/10/2015 09/09/2015 23/07/2015 Short Loan Books  
          MACHAKOS UNIVERSITY LIBRARY MACHAKOS UNIVERSITY LIBRARY 23/07/2015 4 HF 5686 .C8B7 2012 6600 31/05/2019 21/11/2016 23/07/2015 Short Loan Books Short Loan
          MACHAKOS UNIVERSITY LIBRARY MACHAKOS UNIVERSITY LIBRARY 23/07/2015   HF 5686 .C8B7 2012 6599 23/07/2015   23/07/2015 Short Loan Books  
© Machakos University Library, Along The Highway, Machakos Wote Rd, Machakos, Kenya P.O. Box 136 - 90100 Machakos - Kenya

Tel: ( +254 ) 723 805829 OR Fax : 044-20353 OR Email: library@mksu.ac.ke